Shades of Meaning: Shadows in Medieval Manuscript Illumination /
Are there shadows in medieval art? Studies on the role of shadows in art history have either glanced over or ignored the medieval period, yet people of the Middle Ages certainly saw and thought about shadows and recorded their ideas about these phenomena in texts and images. This book examines refer...
المؤلف الرئيسي:
التنسيق: كتاب الكتروني
اللغة: English
منشور في:
Leiden ; Boston :
Brill,
2025.
سلاسل:
Late Antiquity and Medieval Studies E-Books Online, Collection 2025.
الموضوعات:
الوصول للمادة أونلاين: Login to view Source
الوسوم: إضافة وسم
رقم الطلب: N5305
| LEADER | 02380nam a22004338i 4500 | ||
|---|---|---|---|
| 001 | BRILL9789004721685 | ||
| 003 | nllekb | ||
| 005 | 20250326200241.0 | ||
| 006 | m d | ||
| 007 | cr un uuuua | ||
| 008 | 250115s2025 gw sb 001 0 eng d | ||
| 020 | |a 9789004721685 |q (electronic book) | ||
| 020 | |z 9789004547155 |q (print) | ||
| 024 | 7 | |a 10.1163/9789004721685 |2 DOI | |
| 035 | |z (OCoLC)1460454817 | ||
| 040 | |a NL-LeKB |c NL-LeKB |e rda | ||
| 041 | |a eng | ||
| 050 | 4 | |a N5305 | |
| 082 | 0 | 4 | |a 709 |2 23 |
| 100 | 1 | |a DeLuca, Dominique, |e author. | |
| 245 | 1 | 0 | |a Shades of Meaning: Shadows in Medieval Manuscript Illumination / |c Dominique DeLuca. |
| 264 | 1 | |a Leiden ; |a Boston : |b Brill, |c 2025. | |
| 264 | 4 | |c ©2025 | |
| 336 | |a text |b txt |2 rdacontent | ||
| 337 | |a computer |b c |2 rdamedia | ||
| 338 | |a online resource |2 rdacarrier | ||
| 490 | 1 | |a Late Antiquity and Medieval Studies E-Books Online, Collection 2025 | |
| 504 | |a Includes bibliographical references and index. | ||
| 505 | 0 | |t Acknowledgments -- List of Figures -- Notes on Permissions -- 1 An Introduction to Medieval Shadows -- 2 The Medieval Language of Shadows -- 3 Shadows as Extensions of People and Power -- 4 Shadows as Liminal Borders and Gateways -- 5 Supernatural Shadows -- Conclusion -- Bibliography -- Index. | |
| 520 | |a Are there shadows in medieval art? Studies on the role of shadows in art history have either glanced over or ignored the medieval period, yet people of the Middle Ages certainly saw and thought about shadows and recorded their ideas about these phenomena in texts and images. This book examines references to shadows in science, religion, and folklore of the Middle Ages. Through the lens of fifteenth-century manuscript painting, it investigates visual, metaphorical, and supernatural shadows in art to discover what shadows meant to the medieval viewer. | ||
| 546 | |a English | ||
| 588 | |a Description based on print version record. | ||
| 650 | 0 | |a Art History. | |
| 650 | 0 | |a Literature and Cultural Studies. | |
| 776 | 0 | 8 | |i Print version: |t Shades of Meaning: Shadows in Medieval Manuscript Illumination. |d Leiden ; Boston : Brill, 2025. |z 9789004547155 |w (DLC) 2024056341 |
| 830 | 0 | |a Late Antiquity and Medieval Studies E-Books Online, Collection 2025. | |
| 856 | 4 | |z DOI: |u http://dx.doi.org/10.1163/9789004721685 | |
| 942 | |2 lcc |c EBOOK | ||
| 999 | |c 60609 |d 60609 | ||
